00641nam a2200157Ia 4500008004100000020002200041084002500063100002500088245009400113260004200207300002000249650007300269942000700342999001700349952011700366220325s9999||||xx |||||||||||||| ||und|| a978-979-491-017-7 a1128-0085 DAR Gov Bo aKrishna D. Darumurti 0aKekuasaan Diskresi Pemerintah: Kajian Mengenai Konsep, Dasar Pengujian dan Sarana Kontrol aBandungbPT. Citra Aditya Baktic2012 ai-xvi + 112 hlm aGovernment (Pemerintahan)eG-O-VyKekuasaan Pemerintah Yang Spesifik cBK c18765d18765 00104070aMAPLbMAPLcSHELF d2022-03-26g8.00l0o1128-0085 DAR Gov Bop11280085r2022-03-26w2022-03-26yBK